000 00730nam a22002297a 4500
999 _c166217
_d166217
005 20190716174414.0
010 _aB-83137
020 _a-
_c70.00
035 _aB-83137
037 _bBPPD/Ven.
_adpl
082 _a841
100 _aتا ج ا لد ين تا ج
245 _aحر ف آشنا
_cتا ج ا لد ين تا ج
246 _aHarf Aashna (Urdu)
_bby Taaj Uddin Taaj
260 _aDelhi 110006
_bMadhya Pardesh Urdu Acedemy Bhopal
_c2003
270 _aH.S. Offset Printers Sui Walan,
300 _a192ص
_c22cm(Hb)
490 _aJaico illustrated classics series
942 _2ddc
_cUR
_mت ا ج
_h841